000 03261nam0a2200409 4500
001 RU\NLR\BIBL_A\012665580
005 20260409071253.0
010 _a978-5-238-03514-7
_92000
021 _aRU
_b2021-53575
_9КН-П-4206
035 _a(NLR Aleph) 012665580
090 _a12769258
_c12769258
100 _a20211214d2021 |||y0rusy50 ca
101 0 _arus
102 _aRU
105 _ay|||j|||000zy
181 0 _ai
_baxxe
182 0 _an
200 1 _aАдвокатура в России
_eучебное пособие для студентов высших учебных заведений, обучающихся по специальности 030501 "Юриспруденция"
_eпо дистанционным образовательным технологиям (ДОТ); по научной специальности "Судебная власть, прокурорский надзор, организация правоохранительной деятельности, адвокатура"
_fН.И. Газетдинов, А.П. Галоганов, Д.А. Иванов [и др.]
_gпод научной редакцией Заслуженного юриста Российской Федерации, доктора юридических наук, профессора Г.Б. Мирзоева, кандидата юридических наук, доктора экономических наук, профессора, лауреата премии Правительства РФ в области науки и техники Н.Д. Эриашвили
_gпод общей редакцией Заслуженного юриста Российской Федерации, доктора юридических наук А.П. Галоганова
_g[Международная коллегия адвокатов г. Москвы "Закон и Право]
203 _aТекст
_bвизуальный
_cнепосредственный
205 _a7-е изд., перераб. и доп.
210 _aМосква
_cЮНИТИ [и др.]
_d2021
_cЗакон и право
215 _a367, [1] с.
_d22
300 _aАвт. указаны на обороте тит. с.
300 _aНа обл.: 7-е изд.
320 _aБиблиогр.: с. 335-338
606 _aАдвокатура
_yРоссийская Федерация
_jУчебные издания для высших учебных заведений
_3RU\NLR\AUTH\66538462
_91300309
686 1 _aХ629.08я73
701 1 _aГазетдинов
_bН. И.
_f1953-
_gНаиль Исламович
701 1 _aГалоганов
_bА. П.
_gАлексей Павлович
701 1 _7ca
_8rus
_aИванов
_bД. А.
_cд-р юрид. наук, уголовное право
_gДмитрий Александрович
_3RU\NLR\AUTH\7719280
_92352
702 1 _4340
_8rus
_7ca
_aМирзоев
_bГ. Б.
_f1947-
_gГасан Борисович
_3RU\NLR\AUTH\7762839
_945769
712 0 2 _4475
_a"Закон и Право", международная коллегия адвокатов
_cМосква
_9782727
_3RU\NLR\AUTH\880557777
942 _cBOOK
980 _aNB